| Tag |
First Indicator |
Second Indicator |
Subfields |
| LEADER |
00000cam a2200000 4500 |
| 001 |
in00000451921 |
| 005 |
20151012083101.0 |
| 008 |
730108s1962 mau b 00000 eng u |
| 010 |
|
|
|a 62017218
|
| 035 |
|
|
|a (OCoLC)00530702
|
| 035 |
|
|
|9 ABX9420AM
|
| 040 |
|
|
|c WSU
|d TXA
|d UtOrBLW
|
| 049 |
|
|
|a TXAM
|c [355343]
|
| 050 |
|
0 |
|a QB691
|b .G7
|
| 092 |
|
|
|a 523.48
|b G878d, 1962
|
| 100 |
1 |
|
|a Grosser, Morton.
|
| 245 |
1 |
4 |
|a The discovery of Neptune.
|
| 264 |
|
1 |
|a Cambridge :
|b Harvard University Press,
|c 1962.
|
| 300 |
|
|
|a 172 pages
|
| 336 |
|
|
|a text
|b txt
|2 rdacontent
|
| 337 |
|
|
|a unmediated
|b n
|2 rdamedia
|
| 338 |
|
|
|a volume
|b nc
|2 rdacarrier
|
| 504 |
|
|
|a Includes bibliography.
|
| 651 |
|
0 |
|a Neptune (Planet)
|
| 999 |
|
|
|a MARS
|
| 999 |
f |
f |
|s ef3b6320-455c-3cd1-9f67-dab25dbaac98
|i 4cb8b12f-1c25-3903-b0c8-f2950e6cd073
|t 0
|
| 952 |
f |
f |
|p normal
|a Texas A&M University
|b College Station
|c Sterling C. Evans Library
|d Evans: Library Stacks
|t 0
|e QB691 .G7
|h Library of Congress classification
|i unmediated -- volume
|m A14800901782
|
| 998 |
f |
f |
|a QB691 .G7
|t 0
|l Evans: Library Stacks
|